Glimpsing : (Record no. 142444)

MARC details
000 -LEADER
fixed length control field 00536nam a22001817a 4500
005 - DATE AND TIME OF LATEST TRANSACTION
control field 20170711163449.0
010 ## - LCCN (DPL NO)
LC control number ENG-119158
020 ## - INTERNATIONAL STANDARD BOOK NUMBER
Terms of availability 295.00
International Standard Book Number 9789382524304
035 ## - SYSTEM CONTROL NUMBER
System control number EN-102690
037 ## - SOURCE OF ACQUISITION
Source of stock number/acquisition DBAD/PUB
082 ## - DEWEY DECIMAL CLASSIFICATION NUMBER
Classification number 881
100 ## - MAIN ENTRY--PERSONAL NAME
Personal name Bhanot,Ishi
245 ## - TITLE STATEMENT
Title Glimpsing :
Statement of responsibility, etc by S.C. Srivastava
Remainder of title through the clouds.../
260 ## - PUBLICATION, DISTRIBUTION, ETC. (IMPRINT)
Place of publication, distribution, etc New Delhi
Name of publisher, distributor, etc The Book Line
Date of publication, distribution, etc 2015
270 ## - ADDRESS
Address 106,4787/23,Ist Floor,Ansari Road
City New Delhi
Postal code 110002
300 ## - PHYSICAL DESCRIPTION
Extent ix,139p. :
Dimensions 22cm(Hb)
Other physical details ill.
942 ## - ADDED ENTRY ELEMENTS (KOHA)
Source of classification or shelving scheme Dewey Decimal Classification
Item type English Books
Classification part 881
Call number suffix BHA
Holdings
Withdrawn status Lost status Not for loan Collection code Home library Current library Date acquired Source of acquisition Cost, normal purchase price Full call number Barcode Copy number Cost, replacement price Koha item type
    Not For Loan Non-fiction D.B.Act.Division Bawana 11/07/2017 DBAD/PUB 295.00 881 BHA EN-102690 1 295.00 English Books

© Delhi Public Library
Hit Counter
free hit counter